Loading...
| Philosophy | 3 | 6 | 0 | 1 | 105 | 44 | 96.22 | 3 | 4 | 16.64 | 43.57 |
| Fine Arts - Other Arts | 1 | 3 | 0 | 0 | 45 | 62 | 93.75 | 0 | 1 | 8.53 | 16.07 |
| Beliefs | 3 | 1 | 2 | 0 | 45 | 52 | 78.25 | 1 | 3 | 8.52 | 15.67 |
| Social Science | 1 | 3 | 1 | 1 | 40 | 41 | 90.00 | 1 | 2 | 5.14 | 8.46 |
| Other Academic | 0 | 3 | 0 | 2 | 30 | 95 | 118.00 | 0 | 0 | 5.15 | 13.31 |
| Visual Arts | 0 | 2 | 0 | 1 | 20 | 94 | 118.50 | 0 | 0 | 2.53 | 6.43 |
| Fine Arts - Classical Music and Opera | 0 | 2 | 0 | 2 | 20 | 120 | 123.00 | 0 | 0 | 0.23 | 2.74 |
| Literature - American | 0 | 2 | 0 | 1 | 20 | 92 | 118.50 | 0 | 0 | 2.30 | 5.97 |
| Literature - European | 0 | 3 | 2 | 0 | 20 | 122 | 133.33 | 0 | 1 | 1.11 | 7.63 |
| Science - Chemistry | 0 | 2 | 0 | 0 | 20 | 79 | 97.00 | 0 | 1 | 3.22 | 9.79 |
| Modern World | 1 | 0 | 0 | 0 | 15 | 74 | 74.00 | 0 | 0 | 8.25 | 11.67 |
| Literature - World | 0 | 1 | 0 | 0 | 10 | 126 | 126.00 | 0 | 0 | 1.30 | 5.36 |
| Science - Biology | 0 | 1 | 0 | 0 | 10 | 87 | 87.00 | 0 | 1 | 2.40 | 5.00 |
| Geography | 0 | 1 | 0 | 0 | 10 | 100 | 100.00 | 0 | 0 | 8.46 | 12.12 |
| Literature - British | 0 | 0 | 0 | 0 | 0 | 0.00 | 0 | 0 | 0.00 | 0.00 | |
| Science - Other | 0 | 1 | 2 | 0 | 0 | 131 | 131.00 | 0 | 0 | 0.04 | 0.51 |
| History - American | 0 | 0 | 1 | 0 | -5 | 0.00 | 0 | 0 | 0.00 | 0.00 | |
| History - World | 0 | 0 | 1 | 0 | -5 | 0.00 | 0 | 0 | 0.00 | 0.00 | |
| History - Ancient | 0 | 0 | 1 | 0 | -5 | 0.00 | 0 | 0 | 0.00 | 0.00 |